00751cam a22002531 4500001001300000003000400013005001700017008004100034010001700075025001900092035002000111040004100131042001200172050001900184100002300203245006000226250003000286260005000316300001900366490003900385504002600424600003000450999001700480ne 64001246 DLC20260227111800.0890922s1962 le b 000 0 ara c ane 64001246  aPL480:UAR-3696 a(OCoLC)20384457 aPrinceton Univ. Libr.cWaUdWaUdDLC apremarc00aPJ7696.Z8bZ771 aKhūrī, Alfrid.10aZuhayr ibn Abī Sulmác[taʼlīf] Alfrid Khūrī. a[al-Ṭabʻah al-ūlá] aBayrūt,bDār al-Sharq al-Jadīdc[1962.] a144 p.c20 cm.0 aAʻlām al-fikr al-ʻArabī,v21 aBibliography: p. 140.00aZuhayr ibn Abī Sulmá. c47034d47034